Statistics for Countries with embassies and consulates in Sierra Leone

Click here to take the quiz!

General Stats

  • This quiz has been taken 19 times
  • The average score is 11 of 16

Answer Stats

ContinentCountry% Correct
South AmericaBrazil
100%
AsiaChina
94%
AfricaGhana
89%
EuropeUnited Kingdom
89%
AfricaNigeria
83%
North AmericaUnited States of America
83%
AfricaEgypt
78%
AfricaGuinea
78%
AfricaLiberia
78%
Asia/ EuropeTurkey
78%
EuropeGermany
67%
AfricaGambia
56%
AfricaLibya
44%
AsiaIran
39%
AsiaLebanon
17%
EuropeIreland
11%

Score Distribution

Percentile by Number Answered

Percent of People with Each Score

Your Score History

You have not taken this quiz